000 01251nam a2200229Ia 4500
001 L235-7970
003 IT-CnALBA
008 170116s9999||||xx |||||||||||||| ||und||
040 _aIT-CnALBA
_cIT-CnALBA
041 _aITALIANO
100 _aOCCELLI DON PIERLUIGI, SSP.
245 0 _aVENTI CANTI A MARIA LA DIVINA E BREVI SALMI SULL'ULTIMA ETA'
250 _a1a ed.
260 _a ROMA.
_bALFONSI LIBRERIA
_c1983 [1° Ed.:1983 - Ed.Ling.Originale: 1983]
300 _a78 p. (prefazione: 711)
500 _aIL NOME. ROSARIO. RAGGIO. MARIA SAPIENZA. VERGINITÀ. IL PECCATORE. ASSUNTA. DONNA DEI SECOLI. PELLEGRINO DI EFESO. IMMACOLATA. BASILICA DI S. PIETRO. MADRE DELLE GRAZIE. VERGINE DELLA CONSOLAZIONE. VISITAZIONE. ALTARE E GREMBO. CRISTO NATO DA MARIA. MARIA
501 _aSocietà San Paolo EM - Piazza San Paolo, 14 - 12051 ALBA (CN) (non commercial uses only) ® Copyright 2017
520 _aIL NOME. ROSARIO. RAGGIO. MARIA SAPIENZA. VERGINITÀ. IL PECCATORE. ASSUNTA. DONNA DEI SECOLI. PELLEGRINO DI EFESO. IMMACOLATA. BASILICA DI S. PIETRO. MADRE DELLE GRAZIE. VERGINE DELLA CONSOLAZIONE. VISITAZIONE. ALTARE E GREMBO. CRISTO NATO DA MARIA. MARIA
650 _aMARIA SS. ANGELI SANTI DEMONI
942 _cBK
957 _71
999 _a8946
_bNO
_g Copie: 1
_c267149
_d267149